УИРС. Часть 1 / ДО 2021 (38.03.01): электронный курс
| Autor principal: | |
|---|---|
| Autor corporatiu: | |
| Sumari: | Заглавие с экрана Курс предназначен для обучения студентов-бакалавров в 1-ом семестре. Основной целью курса "Учебно-исследовательская работа студентов" является необходимость привить студентам навыки самостоятельной теоретической и экспериментальной работы. Курс предназначен для формирования навыков использования современных методов проведения научных исследований в области национальной экономики. В курсе раскрываются основные экономические категории, формирующие экономическое мышление у студентов. Особое внимание в курсе "Учебно-исследовательская работа студентов" уделяется изучению обучающимися основных проблем сопровождающих процесс функционирования национальной экономики как на микро уровне так и на макро уровне. Направление подготовки бакалавриата 38.03.01 Экономика Доступ по логину и паролю |
| Idioma: | rus |
| Publicat: |
Томск, TPU Moodle, 2021
|
| Matèries: | |
| Accés en línia: | https://design.lms.tpu.ru/course/view.php?id=4344 |
| Format: | MixedMaterials Electrònic Llibre |
| KOHA link: | https://koha.lib.tpu.ru/cgi-bin/koha/opac-detail.pl?biblionumber=666781 |
MARC
| LEADER | 00000nlm0a2200000 4500 | ||
|---|---|---|---|
| 001 | 666781 | ||
| 005 | 20240209103921.0 | ||
| 035 | |a (RuTPU)RU\TPU\network\37985 | ||
| 035 | |a RU\TPU\network\36668 | ||
| 090 | |a 666781 | ||
| 100 | |a 20220126d2021 m y0rusy50 ca | ||
| 101 | 0 | |a rus | |
| 102 | |a RU | ||
| 105 | |a a j 000zy | ||
| 135 | |a jrcn ---uucaa | ||
| 181 | 0 | |a i | |
| 182 | 0 | |a b | |
| 200 | 1 | |a УИРС. Часть 1 / ДО 2021 (38.03.01) |e электронный курс |f Т. В. Громова |g Национальный исследовательский Томский политехнический университет, Школа инженерного предпринимательства | |
| 203 | |a Текст |c электронный | ||
| 210 | |a Томск |c TPU Moodle |d 2021 | ||
| 300 | |a Заглавие с экрана | ||
| 330 | |a Курс предназначен для обучения студентов-бакалавров в 1-ом семестре. Основной целью курса "Учебно-исследовательская работа студентов" является необходимость привить студентам навыки самостоятельной теоретической и экспериментальной работы. Курс предназначен для формирования навыков использования современных методов проведения научных исследований в области национальной экономики. В курсе раскрываются основные экономические категории, формирующие экономическое мышление у студентов. Особое внимание в курсе "Учебно-исследовательская работа студентов" уделяется изучению обучающимися основных проблем сопровождающих процесс функционирования национальной экономики как на микро уровне так и на макро уровне. Направление подготовки бакалавриата 38.03.01 Экономика | ||
| 333 | |a Доступ по логину и паролю | ||
| 606 | 1 | |a Студенты |x Научно-исследовательская работа |2 stltpush |3 (RuTPU)RU\TPU\subj\68806 |9 83939 | |
| 610 | 1 | |a электронный ресурс | |
| 610 | 1 | |a труды учёных ТПУ | |
| 610 | 1 | |a электронные учебные пособия | |
| 610 | 1 | |a учебные пособия | |
| 610 | 1 | |a Moodle | |
| 610 | 1 | |a e-learning | |
| 610 | 1 | |a УИРС | |
| 610 | 1 | |a исследования | |
| 610 | 1 | |a учебно-исследовательские работы | |
| 610 | 1 | |a научно-исследовательская деятельность | |
| 610 | 1 | |a студенты | |
| 610 | 1 | |a научные публикации | |
| 610 | 1 | |a научные статьи | |
| 610 | 1 | |a грантовые программы | |
| 610 | 1 | |a поиск информации | |
| 610 | 1 | |a реферативные журналы | |
| 610 | 1 | |a базы данных | |
| 610 | 1 | |a список литературы | |
| 610 | 1 | |a результаты исследований | |
| 610 | 1 | |a оформление | |
| 686 | |a Ч481.268я73 |2 rubbk | ||
| 700 | 1 | |a Громова |b Т. В. |c экономист |c старший преподаватель Томского политехнического университета |f 1979- |g Татьяна Викторовна |3 (RuTPU)RU\TPU\pers\27974 |9 12964 | |
| 712 | 0 | 2 | |a Национальный исследовательский Томский политехнический университет |b Школа инженерного предпринимательства |c (2017- ) |3 (RuTPU)RU\TPU\col\23544 |
| 801 | 2 | |a RU |b 63413507 |c 20220713 |g RCR | |
| 856 | 4 | |u https://design.lms.tpu.ru/course/view.php?id=4344 | |
| 942 | |c CF | ||